Datum a čas kvízu
28
Celkem bodů
Celkový počet nahraných bodů na tomto kvízu bez doplňovacích otázek.
19.
Pořadí na kvízu
Konečné umístění týmu na tomto kvízu.
Zaznamenané odpovědi
| # | Otázka | Odpověď | Body | Výsledky |
|---|---|---|---|---|
| 1. | V tomto kole se podíváme na ak... | Red Hot Chilli Peppers | 0 | |
| 2. | V září oslavil své šedesáté na... | Nebezpečná rychlost | 1 | |
| 3. | Devadesátkové hvězdy to nemají... | Tori Spelling | 1 | |
| 4. | Jeden z nejstabilnějších párů... | Anna K., Tomáš Vartecký | 0 | |
| 5. | Tenisová legenda Serena Willia... | US Open | 0 | |
| 6. | Ze které legendární "střílečky... | Duke Nukem 3D | 1 | |
| 7. | Osadníci z Katanu jsou bráni j... | cihla, vlna | 0 | |
| 8. | Která slova se skrývají za zkr... | Command & Conquer | 1 | |
| 9. | Které vydavatelství má na svěd... | Altar | 0 | |
| 10. | Jak se jmenuje hra a zároveň i... | Croc | 0 |